Черная металлургия (Запись № 1966263)

Подробности
000 -МАРКЕР
контрольное поле 33546nas1a22020051i 4500
001 - ИДЕНТИФИКАТОР ЗАПИСИ
контрольное поле RU\NLR\INFOCOMM18\1000237352
005 - ИДЕНТИФИКАТОР ВЕРСИИ
контрольное поле 20240726053654.0
011 ## - МЕЖДУНАРОДНЫЙ СТАНДАРТНЫЙ НОМЕР СЕРИАЛЬНОГО ИЗДАНИЯ (ISSN)
Номер (ISSN) 0135-597X
035 ## - ДРУГИЕ СИСТЕМНЫЕ НОМЕРА
Идентификатор записи (NLR Aleph) 002427919
100 ## - ДАННЫЕ ОБЩЕЙ ОБРАБОТКИ
Данные общей обработки 20050126c1960 |||y0rusy50 ca
101 0# - ЯЗЫК РЕСУРСА
Язык текста, звукозаписи и т.д. русский
102 ## - СТРАНА ПУБЛИКАЦИИ ИЛИ ПРОИЗВОДСТВА
Страна публикации российская федерация
110 ## - ПОЛЕ КОДИРОВАННЫХ ДАННЫХ: ПРОДОЛЖАЮЩИЕСЯ РЕСУРСЫ
Кодированные данные продолжающегося ресурса ayu||||0|y0
200 1# - ЗАГЛАВИЕ И СВЕДЕНИЯ ОБ ОТВЕТСТВЕННОСТИ
Основное заглавие Черная металлургия
Сведения, относящиеся к заглавию Обзор. информ.
Обозначение и номер части Серия 16
Наименование части Промышленный транспорт
Первые сведения об ответственности ЦНИИ информации и техн.-экон. исслед. черной металлургии
210 ## - ПУБЛИКАЦИЯ, РАСПРОСТРАНЕНИЕ И ДР.
Место издания, распространения и т.д. М.
Дата издания, распространения и т.д. 1960-
300 ## - ОБЩИЕ ПРИМЕЧАНИЯ
Текст примечания В надзаг. также: М-во черной металлургии СССР
311 ## - ПРИМЕЧАНИЯ, ОТНОСЯЩИЕСЯ К ПОЛЯМ СВЯЗИ (ПРИМЕЧАНИЯ О СВЯЗИ С ДРУГИМИ ПРОИЗВЕДЕНИЯМИ (ИЗДАНИЯМИ))
Текст примечания По 1959 выходило под загл.: Информация/ Центр. ин-т информации черной металлургии (Шифр П11/669)
311 ## - ПРИМЕЧАНИЯ, ОТНОСЯЩИЕСЯ К ПОЛЯМ СВЯЗИ (ПРИМЕЧАНИЯ О СВЯЗИ С ДРУГИМИ ПРОИЗВЕДЕНИЯМИ (ИЗДАНИЯМИ))
Текст примечания Прекр. на вып.3 1979. С 1980 вместо данной серии, ... Серии 17. Служба и ремонт механического оборудования на металлургических заводах (Шифр: П11/2777) и ... Серии 21. Порошковая металлургия (Шифр: П10/5668) выходит: ... Серия 28. Общеотраслевые вопросы (Шифр: П10/5760). Возобновл. с 1983
430 #0 - ПРОДОЛЖЕН
Встроенное поле 2001#$aИнформация$fЦентр. ин-т информации черной металлургии
-- 852##$aNLR$jП11/669
Заглавие Информация
430 #0 - ПРОДОЛЖЕН
Встроенное поле 2001#$aИнформация$hСерия 9$iВнутризаводской транспорт металлургических и горнорудных предприятий
Заглавие Информация
430 #0 - ПРОДОЛЖЕН
Встроенное поле 2001#$aИнформация$hСерия 11$iВнутризаводской и внутрикарьерный транспорт предприятий черной металлургии
Заглавие Информация
430 #0 - ПРОДОЛЖЕН
Встроенное поле 2001#$aИнформация$hСерия 11$iВнутризаводской и внутрикарьерный транспорт
Заглавие Информация
430 #0 - ПРОДОЛЖЕН
Встроенное поле 2001#$aСерия 13$iВнутризаводской и внутрикарьерный транспорт предприятий черной металлургии
Заглавие Серия 13
430 #0 - ПРОДОЛЖЕН
Встроенное поле 2001#$aИнформация$hСерия 13$iВнутризаводской и внутрикарьерный транспорт черной металлургии
Заглавие Информация
430 #0 - ПРОДОЛЖЕН
Встроенное поле 2001#$aИнформация$hСерия 13$iВнутризаводской и внутрикарьерный транспорт
Заглавие Информация
430 #0 - ПРОДОЛЖЕН
Встроенное поле 2001#$aИнформация$hСерия 15$iВнутризаводской и внутрикарьерный транспорт предприятий черной металлургии
Заглавие Информация
430 #0 - ПРОДОЛЖЕН
Встроенное поле 2001#$aИнформация$hСерия 15$iВнутризаводской и внутрикарьерный транспорт
Заглавие Информация
430 #0 - ПРОДОЛЖЕН
Встроенное поле 2001#$aИнформация$hСерия 16$iВнутризаводской и внутрикарьерный транспорт
Заглавие Информация
430 #0 - ПРОДОЛЖЕН
Встроенное поле 2001#$aПромышленный транспорт
Заглавие Промышленный транспорт
430 #0 - ПРОДОЛЖЕН
Встроенное поле 2001#$aОбзорная информация$hСерия 16$iПромышленный транспорт
Заглавие Обзорная информация
430 #0 - ПРОДОЛЖЕН
Встроенное поле 2001#$aЭкспресс-информация$hСерия 16$iПромышленный транспорт
Заглавие Экспресс-информация
440 #0 - ПРОДОЛЖАЕТСЯ ПОД ...
Встроенное поле 2001#$aЧерная металлургия$iСерия "Промышленный транспорт"
Заглавие Черная металлургия
442 #0 - ЗАМЕНЕН НА ...
Встроенное поле 2001#$aЧерная металлургия$hСерия 28$iОбщеотраслевые вопросы
-- 852##$aNLR$jП10/5760
Заглавие Черная металлургия
801 #1 - ИСТОЧНИК ЗАПИСИ
Страна российская федерация
Организация InfoComm
Дата составления 20050126
801 #0 - ИСТОЧНИК ЗАПИСИ
Страна российская федерация
Организация NLR
Правила каталогизации PSBO
852 ## - МЕСТОНАХОЖДЕНИЕ И ШИФР ХРАНЕНИЯ
Идентификатор организации NLR
Шифр хранения (Call Number) П11/1946
852 ## - МЕСТОНАХОЖДЕНИЕ И ШИФР ХРАНЕНИЯ
Идентификатор организации NLR
Шифр хранения (Call Number) ФГО
931 ## - ПРИМЕЧАНИЕ ОБ ИЗМЕНЕНИИ ЗАГЛАВИЯ
-- ^^
931 ## - ПРИМЕЧАНИЕ ОБ ИЗМЕНЕНИИ ЗАГЛАВИЯ
-- ^^
942 ## - ДОПОЛНИТЕЛЬНЫЕ ЭЛЕМЕНТЫ ЗАПИСИ (АБИС)
Тип экземпляра АБИС Журнал
980 ## - КОЛЛЕКЦИЯ
Название коллекции Русская периодика

Нет доступных экземпляров.